000 00772nam a22001817a 4500
003 NALT
005 20260106104957.0
008 250925b th ||||| |||| 00| 0 tha d
040 _aNALT
245 0 0 _aประมวลกฎหมายอาญา /
_cจัดทำโดย Connecting Book Law.
_h[electronic resource]
260 _aกรุงเทพฯ :
_bConnecting Book Law.,
_c2566.
300 _aOnline resource
505 2 _aภาค 1 บทบัญญัติทั่วไป -- ภาค 2 ความผิด -- ภาค 3 ลหุโทษ.
650 4 _aกฎหมายอาญา
_949366
856 4 0 _uhttps://ebook.parliament.go.th/ebookall/detail/438286
_zE-Book
942 _cEBK
_2lcc
996 _ajamriang.p
_bCATSTF
_c2026-01-06
999 _c107275
_d107275
998 _j1020
_k นางจำเรียง ระวังสำโรง